000 00912cad a22002415a 4500
001 E148573
008 091005s2008 xxk f 000 0 eng d
020 _a9781842193792
035 _a(Sirsi) u148573
041 0 _aeng
050 0 4 _a658.404 $2 18
110 2 _aRoyal Institution of Chartered Surveyors
_94900
245 0 0 _aCompletion of standard form of consultant's appointment Scottish edition
_bexplanatory notes
260 _aCoventry
_bRICS
_c2008
300 _aiv, 18p.
_c30cm.
505 2 _aPart A: introduction -- Part B: notes on specific provisions -- Part C: notes on schedules -- Part D: execution provisions
520 _aProvides guidance for completion of the RICS Scotland standard form of consultant's appointment (E148572).
521 _aAdvanced
590 _aKA
651 4 _aScotland
_y1999-
690 _aMANAGEMENT-BUSINESS MANAGEMENT-PROFESSIONAL PRACTICE
942 _n0
_2ddc
999 _c110114
_d110114